00625 2200253 4500001002100000005001500021035002000036007000300056008004100059040001700100100001700117245003400134250001300168300003000181020002200211041000800233082000800241084001400249260003500263600001400298700003100312850001000343990001800353INLIS00000000000378020260528084717 a0010-0821000037ta260528 1  aSBPUPADbInd0 aYaniar Renny1 aMulutku Sehat /cRenny Yaniar a--Cet. 1 a33 hlm. :bilus. ;c20 cm a978-979-752-672-607aInd a611 a611 REN m a--Bandung :bDAR! Mizan,c2008 4aKesehatan0 apenyunting, Dadan Ramadhan aPUPAD a10145/Br/KAPD